000 00676nam a22001817a 4500
999 _c166875
_d166875
010 _aENG-126156
020 _a978-93-87253-44-5
_c180.00
035 _aEN-109688
037 _bDBAD/PUB
082 _a301.0954
100 _aBhushan, Vidya
245 _aSociology Of Contemporary India/
_cedited byVidya Bhushan[and]Pawan Kumar Mishra
260 _aNew Delhi
_bKitab Mahal Publishers
_c2019
270 _a8, Hari Sadan (G.F.) 20 Ansari Road, Darya Ganj,
_bNew Delhi
_e110002
_k23273230, 9810669341
_mkitab_mahal@hotmail.com
_l011-23289285
300 _a218p.
_b22cm(pbk)
700 _aVidya Bhushan[and]Pawan Kumar Mishra
942 _2ddc
_cEN
_h301.0954
_mBHU